| 000 | 00776cam a22002294a 4500 | ||
|---|---|---|---|
| 005 | 20160609090410.0 | ||
| 008 | 990203s1999 nyu b 001 0 eng | ||
| 020 | _a0231068247 | ||
| 020 | _a0231068255 | ||
| 040 |
_aDLC _cDLC _dDLC _dCO-BoIAVH |
||
| 041 | 0 | _aspa | |
| 044 | _axxu | ||
| 082 | 0 | 0 |
_a570.12 _bW78d |
| 100 | 1 |
_aWinston, Judith E. _eautora |
|
| 245 | 1 | 0 |
_aDescribing species : _bpractical taxonomic procedure for biologists / _cJudith E. Winston. |
| 260 |
_aNew York : _bColumbia University Press, _cc1999. |
||
| 300 |
_axx, 518 páginas : _bilustraciones ; _c23 x 15 cm. |
||
| 504 | _aIncluye referencias bibliográficas: páginas 455-487. | ||
| 650 | 1 | 6 |
_aBiología _xClasificación |
| 650 | 2 | 6 |
_aEspecies _xTaxonomía |
| 942 |
_2ddc _cLIBRO |
||
| 999 |
_c5175 _d5175 |
||